Seis capitais mais próximas - Ancara - Statistics

Estatísticas Gerais
  • Esse quiz foi jogado 25 vezes
  • A pontuação média é 3 de 6
Estatísticas das Respostas
km capital % Correto
817 Atenas
70%
854 Sofia
57%
774 Damasco
48%
527 Nicosia
39%
708 Beirute
30%
751 Bucareste
26%
Nenhum quiz correspondente encontrado
Distribuição das Pontuações
Porcentagem de Pessoas com Cada Pontuação
Percentil de Números Respondidos
Sua Pontuação Histórica
Você não jogou esse quiz